000 00634nam a22002057a 4500
003 AR-FvUNAJ
005 20220908152055.0
007 cr
008 200415cr ||||| |||| 00| 0 eng d
040 _cAR-FvUNAJ
082 1 4 _214
_a302
100 1 _913915
_aInfield, Henrik
245 1 0 _aUtopía y experimento :
_bensayo de una sociología de la cooperación /
_cHenrik Infield
260 _aBuenos Aires :
_bCompañía General Fabril Editora,
_c1959
300 _a246 p.
650 2 4 _2unescot
_91380
_aSOCIALISMO
650 2 0 _aCOOPERATIVA
_93074
942 _2ddc
_cLIBRO
980 _619226
_a Palazón Marcela
_820562
_g Diego Higa
999 _c7427
_d7427